000 00210 a2200097 4500
001 23005
100 _aTweney
245 _aChamber's Technical Dictionary
260 _a
_bChambers
_c1954
090 _c15555
_d15555
942 _aNUST-CAE
_cM
_c6175
999 _c258078
_d258078